Normal view
MARC view
Entry Personal Name
001 - CONTROL NUMBER
- control field: 22084
003 - CONTROL NUMBER IDENTIFIER
- control field: dpl
005 - DATE AND TIME OF LATEST TRANSACTION
- control field: 20100927155409.0
008 - FIXED-LENGTH DATA ELEMENTS
- fixed length control field: 100927|||a|||||| | ||| d
040 ## - CATALOGING SOURCE
- Original cataloging agency: dpl
- Transcribing agency: dpl
100 ## - HEADING--PERSONAL NAME
- Personal name: Vijaylakshmi
670 ## - SOURCE DATA FOUND
- Source citation: Work cat.: (dpl): Indian music :, 2004
670 ## - SOURCE DATA FOUND
- Source citation: Work cat.: (dpl): Indian music :, 2004
